000
00276nam a22001097a 4500
999
_c
166993
_d
166993
082
_a
_b
100
_a
Vishwanath Satyanarayan
245
_a
Sahasraphan/
_c
by Vishwanath Satyanarayan.
260
_a
New Delhi:
_b
Bharathiya Vidya Prakashan,
_c
2000.
650
_a
942
_c
BK